000
00276nam a2200109Ia 4500
008
230907s9999||||xx |||||||||||||| ||und||
082
_a
333.8,MAD
100
_a
Madureira, Nuno Luís,
_9
115186
245
0
_a
Key concepts in energy /
300
_a
vii, 222 pages :
942
_c
BK
999
_c
597792
_d
597792